Balík návrhov v oblasti hospodárstva na úrovni EÚ
30. 3. 2022 zverejnila Európska komisia balík návrhov v oblasti obehového hospodárstva vo vzťahu k Európskej zelenej dohode. Stratégia pre udržateľný a obehový textil. Iniciatíva pre udržateľné výrobky. Práva spotrebiteľov. Zákaz enviromentáolne klamlivých vyhlásení. Cieľom návrhu je posilnenie vnút...
Guardado en:
| Autor principal: | |
|---|---|
| Formato: | Capítulo de libro |
| Lenguaje: | eslovaco |
| Materias: | |
| Etiquetas: |
Sin Etiquetas, Sea el primero en etiquetar este registro!
|
MARC
| LEADER | 00000naa a2200000 4500 | ||
|---|---|---|---|
| 001 | 0284554 | ||
| 005 | 20240417075207.2 | ||
| 041 | 0 | |a slo | |
| 044 | |a SK | ||
| 245 | 1 | 0 | |a Balík návrhov v oblasti hospodárstva na úrovni EÚ |c Peter Šimurka |
| 520 | |a 30. 3. 2022 zverejnila Európska komisia balík návrhov v oblasti obehového hospodárstva vo vzťahu k Európskej zelenej dohode. Stratégia pre udržateľný a obehový textil. Iniciatíva pre udržateľné výrobky. Práva spotrebiteľov. Zákaz enviromentáolne klamlivých vyhlásení. Cieľom návrhu je posilnenie vnútorného trhu so stavebnými výrobkami. | ||
| 610 | 2 | 0 | |a Európska komisia |
| 610 | 2 | 0 | |a Európska únia |
| 610 | 2 | 0 | |a návrhy zlepšovacie |
| 610 | 2 | 0 | |a hospodárstvo obehové |
| 610 | 2 | 0 | |a hospodárstvo odpadové |
| 610 | 2 | 0 | |a textil |
| 610 | 2 | 0 | |a udržateľnosť |
| 610 | 2 | 0 | |a stavebníctvo |
| 100 | 1 | |a Šimurka, Peter | |